[Event "CZE-ch U14 Girls"]
[Site "Kouty nad Desnou"]
[Date "2020.03.10"]
[Round "5"]
[White "Mullerova, Karina Nela"]
[Black "Ticha, Sofie"]
[Result "0-1"]
[WhiteElo "1093"]
[BlackElo "1216"]
[PlyCount "32"]
[EventDate "2020.03.07"]
[EventType "swiss"]
[EventRounds "7"]
[EventCountry "CZE"]
[SourceTitle "CBM 195 Extra"]
[Source "ChessBase"]
[SourceDate "2020.05.31"]
[SourceVersion "1"]
[SourceVersionDate "2020.05.31"]
[SourceQuality "1"]

1. e4 c5 2. Nf3 e6 3. Nc3 Nf6 4. e5 Nd5 5. Nxd5 exd5 6. d4 Nc6 7. Bb5 Qa5+ 8. Qd2 Qxb5 9. c3 cxd4 10. cxd4 Bb4 11. a4 Bxd2+ 12. Bxd2 Qd3 13. Bc3 0-0 14. Rd1 Qe4+ 15. Kf1 Re8 16. Nd2 Qc2 0-1

[Event "CZE-ch U10 Girls"]
[Site "Kouty nad Desnou"]
[Date "2017.03.18"]
[Round "9"]
[White "Havelkova, Beata"]
[Black "Ticha, Sofie"]
[Result "1-0"]
[WhiteElo "1263"]
[BlackElo "1250"]
[PlyCount "85"]
[EventDate "2017.03.11"]
[EventType "swiss"]
[EventRounds "9"]
[EventCountry "CZE"]
[SourceTitle "CBM 177 Extra"]
[Source "ChessBase"]
[SourceDate "2017.04.27"]
[SourceVersion "1"]
[SourceVersionDate "2017.04.27"]
[SourceQuality "1"]

1. e4 e5 2. Nf3 Nc6 3. Bb5 d6 4. d4 a6 5. Ba4 b5 6. Bb3 Bg4 7. Bd5 Qd7 8. c3 Nf6 9. Bxc6 Qxc6 10. d5 Qb6 11. Be3 Qb7 12. Nbd2 c6 13. dxc6 Qxc6 14. Qc2 b4 15. Rc1 Rc8 16. 0-0 Be7 17. Rfe1 d5 18. Nxe5 Qe6 19. Bd4 Bc5 20. Bxc5 Rxc5 21. exd5 Rxd5 22. Nxg4 0-0 23. Rxe6 fxe6 24. Nxf6+ Rxf6 25. Ne4 Rf4 26. f3 Rff5 27. Qa4 Rd8 28. Qxa6 Rff8 29. Qxe6+ Kh8 30. cxb4 Rf4 31. a4 h6 32. Rc8 Rxc8 33. Qxc8+ Kh7 34. b5 Rf7 35. a5 Re7 36. b6 Rf7 37. a6 Re7 38. b7 Rxb7 39. axb7 h5 40. b8Q Kg6 41. Qf4 h4 42. Qcf8 Kh7 43. Q8f7 1-0

[Event "CZE-ch U10 Girls"]
[Site "Kouty nad Desnou"]
[Date "2017.03.12"]
[Round "2"]
[White "Ticha, Sofie"]
[Black "Hladka, Leontyna"]
[Result "1-0"]
[WhiteElo "1250"]
[BlackElo "1000"]
[PlyCount "79"]
[EventDate "2017.03.11"]
[EventType "swiss"]
[EventRounds "9"]
[EventCountry "CZE"]
[SourceTitle "CBM 177 Extra"]
[Source "ChessBase"]
[SourceDate "2017.04.27"]
[SourceVersion "1"]
[SourceVersionDate "2017.04.27"]
[SourceQuality "1"]

1. e4 e5 2. Nf3 Nc6 3. d4 exd4 4. Nxd4 Bc5 5. Be3 Nf6 6. Nxc6 dxc6 7. Qxd8+ Kxd8 8. Bxc5 Re8 9. f3 Be6 10. Nc3 Kd7 11. Bd3 Rad8 12. 0-0 Kc8 13. Bxa7 Rd6 14. e5 Rd4 15. Bxd4 Nh5 16. Rad1 f5 17. Ba7 Nf4 18. Rfe1 Rf8 19. Bc5 Rf7 20. Rd2 g5 21. Red1 Rg7 22. Bxf5 b6 23. Bxe6+ Nxe6 24. Be3 g4 25. Rf2 gxf3 26. Rxf3 Kb7 27. Rf6 Nd8 28. e6 Re7 29. Bg5 Nxe6 30. Rxe6 Rxe6 31. Rd7 Kc8 32. Rxh7 b5 33. Bf4 Kd8 34. Bxc7+ Ke8 35. Rh8+ Kf7 36. Rh7+ Ke8 37. g4 Rg6 38. h3 b4 39. Ne4 Kf8 40. Bd6+ 1-0